000 00639cam a22002053a 4500
001 44071
003 PGUSA
005 20140828084014.0
008 131030s2013||||xxu|||||s|||||000 | eng d
040 _aPGUSA
_beng
042 _adc
100 1 _aCushman, Robert
245 1 4 _aThe Sin and Danger of Self-Love :
_bDescribed by a Sermon Preached At Plymouth, in New-England, 1621
_h[electronic resource] /
_cRobert Cushman
260 _bProject Gutenberg,
_c2013
506 _aPublic domain in the USA.
516 _aElectronic text
830 0 _aProject Gutenberg
_v44071
856 4 0 _uhttp://www.gutenberg.org/ebooks/44071
942 _cEB
999 _c273322
_d273322